000 00443nam a2200181Ia 4500
001 14094
005 20260306164849.0
008 260306t2007||||xx |||||||||||||| ||spa||
041 _aESP
082 _a006.4
_bB59
100 _aBishop, Cristopher M.
_eAUT
245 0 _aPattern recognition and machine learning
260 _c2007
300 _axx, 738 páginas :
_c24 cm.
650 _aGEN
654 _aCCC
942 _cLIB
_dJUS
_fJUS
_2ddc
_n
999 _c14094
_d14094